| 000 | 00390pab a2200157 454500 | ||
|---|---|---|---|
| 008 | 180718b2008 xxu||||| |||| 00| 0 eng d | ||
| 100 | _aBhanu, Vinod | ||
| 245 | _aRight to recall legislators: the Chhattisgarh experiment | ||
| 260 | _c2008 | ||
| 300 | _ap.15-16. | ||
| 362 | _a4 Oct | ||
| 650 | _aParliament | ||
| 773 | _aEconomic and Political Weekly | ||
| 908 | _aN | ||
| 909 | _a79885 | ||
| 999 |
_c79885 _d79885 |
||